Sports Quiz

Random Sports or Auto Racing Quiz

F1 Circuits by Corner Quiz Stats

 Plays Quiz not verified by Sporcle

Score 0/11 Timer 10:00
1 Play Today
Corner name Circuit % Correct
Bus-stop, Eau RougeSpa
97.3%
Parabolica, LesmoMonza
96.3%
Copse, StoweSilverstone
96.1%
Ste. Devote, Loews HairpinMonaco
90.3%
Spoon, 130RSuzuka
89.8%
Coca Cola Kurve, Michael Schumacher Nurburgring
76.2%
Tamburello, Variante AltaImola
75.2%
Parabolika, SachsHockenheimring
72.6%
Pinheirinho, FerraduraAutódromo José Carlos Pace
70.7%
Raffles Avenue, Esplanade DriveSingapore
38.9%
L'Epingle, Virage SennaCircuit Gilles Villeneuve
36.6%

You're not logged in!

Compare scores with friends on all Sporcle quizzes.
OR
Log In

Show Comments

Extras

Top Quizzes Today


Score Distribution

Your Account Isn't Verified!

In order to create a playlist on Sporcle, you need to verify the email address you used during registration. Go to your Sporcle Settings to finish the process.

Report this User

Report this user for behavior that violates our Community Guidelines.

Details: